| 000 | 00356nam a22001457a 4500 | ||
|---|---|---|---|
| 003 | macl | ||
| 005 | 20180703164850.0 | ||
| 008 | 180420b xxu||||| |||| 00| 0 eng d | ||
| 040 | _cmacl | ||
| 100 |
_aKashyap, Sanjiv _972124 |
||
| 245 | _athe Path of Self Realization | ||
| 260 |
_aBikanar _bVikas _c2016 |
||
| 650 |
_aPhilosophy _972125 |
||
| 942 |
_2ddc _cBK |
||
| 999 |
_c57791 _d57791 |
||